Vista normal Vista MARC

Entrada Personal Name

Número de registros utilizados en: 1

001 - CONTROL NUMBER

  • control field: 64840

003 - CONTROL NUMBER IDENTIFIER

  • control field: OSt

005 - DATE AND TIME OF LATEST TRANSACTION

  • control field: 20250910220948.0

008 - FIXED-LENGTH DATA ELEMENTS

  • fixed length control field: 250910|| aca||aabn | a|a d

040 ## - CATALOGING SOURCE

  • Original cataloging agency: OSt
  • Transcribing agency: OSt

100 ## - HEADING--PERSONAL NAME

  • Personal name: León de la Cruz, Álvaro
  • Dates associated with a name: editor

670 ## - SOURCE DATA FOUND

  • Source citation: Work cat.: (OSt)59123: Consultor gramática /









Instituto Departamental de Cultura del Meta - Red Departamental de Bibliotecas Públicas del Meta.